000 00830nam a2200217Ia 4500
999 _c39445
_d39445
001 6036
003 GE_BSU
005 20190912122450.0
008 181216s1975||||ge |||||||||||||| ||geo||
040 _cGE_BSU
041 _ageo
080 _a821.353.1-32+821.353.1-92 ა-30
100 _aავალიანი, ლადო
_93908
245 _aნოველები, წერილები /
_cლადო ავალიანი ; რედ. ირ. არაბული.
264 _aთბილისი :
_bსაბჭოთა საქართველო ;
_c1975.
300 _a678 გვ. :
_bფოტო ;
_c15 სმ.
653 _aნოველები
653 _aწერილები
700 _aარაბული, ირ.
_eრედაქტორი
_93894
942 _cBK
_2udc